000 00659nam a2200193 i 4500
001 135111
003 ES-MaACL
005 20230906194816.0
007 t|
008 070710s1962 xxu ||||1| eng d
100 1 _aThoreau, Henry David.
_9110134
245 1 0 _aWalden or life in the woods
_b: on the duty civil disobedience /
_cHenry David Thoreau ; with a new introduction by Charles R. Anderson.
260 _aNew York :
_bCorowell-Collier Pub.,
_c[1962]
300 _a255 p. ;
_c18 cm.
600 1 4 _aThoreau, Henry David.
_9110134
650 4 _aResistencia al gobierno.
_916862
700 1 _aAnderson, Charles R.
_921441
852 _aES-MaACL
_jC-36306
999 _c135111
_d135111